Países más cercanos a Jamaica- ¡Muerte súbita! - Estadísticas

Estadísticas generales
  • Esta prueba ha sido intentada 25 veces
  • La puntuación promedio es 3 de 15
Answers on the Grid
Answers color-coded by a green-red scale on the quiz's grid according to % correct below.
Cuba
Haití
Bahamas
República Dominicana
Honduras
Nicaragua
Estados Unidos
Colombia
Venezuela
México
Panamá
Costa Rica
Belice
Guatemala
El Salvador
Canadá
Ecuador
Guyana
Surinam
Perú
Bolivia
Brasil
Paraguay
Uruguay
San Cristóbal y Nieves
Antigua y Barbuda
Santa Lucía
Granada
Mauritania
Islandia
 
Estadísticas de respuestas
Respuesta % Correcto
Honduras
60%
Belice
40%
Haití
40%
México
40%
Bahamas
20%
Cuba
20%
El Salvador
20%
Estados Unidos
20%
Guatemala
20%
Nicaragua
20%
República Dominicana
20%
Venezuela
20%
Colombia
0%
Costa Rica
0%
Panamá
0%
No se encontraron pruebas coincidentes
Distribución de puntuación
Porcentaje de gente con cada puntuación
Porcentaje por número respondido
Historial de tus puntuaciones
No has intentado esta prueba.